000 00765nab a2200241 u 4500
001 10637
003 HDC
007 cr bn ---aaaaa
008 210205c20130422my dr|nes 0 a may d
040 _aHDC
245 0 _aMIDF sedia dana RM1 bilion
260 _aKuala Lumpur :
_bNew Straits Times Press (M) Bhd.,
_c2013
336 _atext
_2rdacontent
337 _acomputer
_2rdamedia
338 _aonline resource
_2rdacarrier
650 _aFinancial aid
_910934
650 _aLocal company
_910933
710 _aHarian Metro
856 _zRequest full-text at [email protected]
942 _2lcc
942 _cNEWS
942 _kNWSC 003886
999 _c7960
_d7960